000 00525nam a22001817a 4500
005 20210419091817.0
008 201121s1989 ||||| |||| 00| 0 eng d
020 _a0553062050
040 _aeng
_ceng
080 _a821.111
_bA-49
100 _9245
_aL'Amour, Louis
245 _aSackett.
_c/ By Louis L'Amour.
260 _aNew York :
_bBantam books,
_c1989.
300 _a131 p.
650 0 _9247
_aEnglish literature
653 _aინგლისური ლიტერატურა
_aპროზა
942 _2udc
_cBK
999 _c353
_d353